| 000 | 01499cam a22001934a 4500 | ||
|---|---|---|---|
| 005 | 20250605164236.0 | ||
| 008 | 250528s ||||||||||||||||||||||||d | ||
| 035 | _a21153 | ||
| 020 | _a9789605311964 | ||
| 040 |
_aGR-AtMCL _bgre _dGR-AtMCL _eAACR2 |
||
| 245 | 1 | _aΟργάνωση και Επικοινωνία / Προσεγγίσεις και Διαδικασίες | |
| 260 |
_bΔίαυλος, _c2006 |
||
| 300 | _a462 | ||
| 520 | _aΤο παρόν βιβλίο αποκαλύπτει τη σχέση των χαρακτηριστικών της επικοινωνίας με τη φιλοσοφία της οργάνωσης των επιχειρήσεων. Πρόλογος, Ιδρυτικές Προσεγγίσεις, Κλασσικές Προσεγγίσεις, Προσεγγίσεις Ανθρώπινων Πόρων, Σύγχρονες Προσεγγίσεις, Συστημικές Προσεγγίσεις, Κριτικές Προσεγγίσεις, Διαρκείς Διαδικασίες, Διαδικασίς Αφομοίωσης, Διαδικασία Διαχείρισης Συγκρούσεων, Αναδυόμενες Διαδικασίες, Συναισθηματικές Διαδικασίες στον Εργασιακό Χώρο, Τεχνολογικές Διαδικασίες, Το Μεταβαλλόμενο Τοπίο των Οργανισμών, Βιβλιογραφία. | ||
| 700 | 1 |
_aMiller Katherine _97180 |
|
| 942 | _cBK | ||
| 999 |
_c6221 _d6221 |
||